Les stades de Ligue 1 - Statistiques

Statistiques générales
  • Ce quiz a été pris 163 fois
  • Le résultat moyen est 7 sur 18
Statistiques - réponses
Club Stade % Correct
Paris Saint-Germain Parc des Princes
99%
AS Monaco Stade Louis II
58%
Olympique Lyonnais Groupama Stadium
54%
LOSC Lille Décathlon Arena/Stade Pierre Mauroy
53%
OGC Nice Allianz Riviera
42%
Stade Rennais Roazhon Park
41%
FC Nantes Stade de la Beaujoire
39%
RC Strasbourg Stade de la Meinau
38%
Olympique de Marseille Stade Orange Vélodrome
35%
Stade Brestois Stade Francis Le Blé
34%
AS Saint-Étienne Stade Geoffroy Guichard
34%
Angers SCO Stade Raymond Kopa
32%
Montpellier HSC Stade de la Mosson
29%
AJ Auxerre Stade de l'Abbé Deschamps
26%
Stade de Reims Stade Auguste Delaune
21%
RC Lens Stade Félix Bollaert-Delélis
7%
Toulouse FC Toulouse Stadium
6%
Le Havre AC Stade de l'Océane
5%
Aucun quiz correspondant
Distribution des résultats
% des personnes avec chaque résultat
Percentile par nombre de réponses
Votre historique - résultats
Vous n’avez pas pris ce quiz